Estadísticas para Máximos goleadores en la historia del Rayo Vallecano de Madrid

Haz click aquí para intentar la prueba.

Estadísticas generales

  • Esta prueba ha sido intentada 15 veces
  • La puntuación promedio es 4 de 10

Estadísticas de respuestas

GolesNacionalidadJugador% Correcto
53EspañaPiti
87%
44EspañaRaúl de Tomás
80%
40ArgentinaÓscar Trejo
67%
32EspañaÁlvaro García
53%
49EspañaMíchel
33%
29EspañaAlberto Bueno
27%
37EspañaBolo
20%
33EspañaAdrián Embarba
13%
34EspañaSergio Pachón
13%
29EspañaDavid Aganzo
0%

Distribución de puntuación

Porcentaje por número respondido

Porcentaje de gente con cada puntuación

Historial de tus puntuaciones

No has intentado esta prueba.